00261nam a22001097a 4500008004100000020001500041041000800056080001000064100000700074101000800081245006200089181010b xxu||||| |||| 00| 0 eng d a0470993618 aeng a159.9 a48 aPSI aThe Series in Clinical and Community PsychologycOlweus,D